|
|
|
|
| LEADER |
01693nam a2200349 a 4500 |
| 001 |
000340772 |
| 003 |
CZ BrMZK |
| 005 |
20120716104358.0 |
| 007 |
ta |
| 008 |
980107s1962 xr f cze d |
| 040 |
|
|
|a ABA001
|b cze
|c LIA001
|d ABA001
|
| 100 |
1 |
|
|a Pleva, Jindřich
|4 aut
|
| 245 |
1 |
0 |
|a Výchovné využití zájmových kroužků :
|b ze zkušeností fotografického a turistického kroužku /
|c Jindřich Pleva, Ctislav Podzimek, Karel Solar
|
| 250 |
|
|
|a 1. vyd.
|
| 260 |
|
|
|a Praha :
|b SPN,
|c 1962
|
| 300 |
|
|
|a 168, [2] s. ;
|c 8°
|
| 490 |
1 |
|
|a Učitelé o své praxi ;
|v sv. 59
|
| 504 |
|
|
|a Obsahuje bibliografii
|
| 500 |
|
|
|a Marginálie
|
| 500 |
|
|
|a 3950 výt.
|
| 520 |
2 |
|
|a Autoři se zaměřují na výchovný vliv školních kroužků, na to, jak přispívají k formování charakterových a morálních rysů mládeže, k výchově přátelství, soudružství, kolektivnosti a získávání pracovních návyků.
|
| 500 |
|
|
|a Dostupné též v digitální podobě v aplikaci Kramerius
|
| 700 |
1 |
|
|a Solar, Karel,
|d 1901-1981
|7 jz8001155
|4 aut
|
| 700 |
1 |
|
|a Podzimek, Ctislav
|7 mzk2012709389
|4 aut
|
| 830 |
|
0 |
|a Učitelé o své praxi
|
| 856 |
4 |
1 |
|u http://www.digitalniknihovna.cz/mzk/uuid/uuid:579f8760-1803-11e6-853f-005056827e52
|y Digitalizovaný dokument
|x NDK
|
| 910 |
|
|
|a BOA001
|b PK-A-0007.503
|b 1-0466.284
|
| 920 |
|
|
|a 000778121
|
| 990 |
|
|
|a BK
|
| 996 |
6 |
|
|b 2619435213
|c 1-0466.284
|l MZK
|r Sklad / do 1 hodiny
|n 0
|w 000340772
|u 000030
|a 1
|e BOA001
|j MZK50
|s P
|
| 996 |
7 |
|
|b 3119803535
|c PK-A-0007.503
|l MZK
|r Sklad / do 1 hodiny
|n 1
|w 000340772
|u 000010
|a 1
|e BOA001
|j MZK50
|s A
|
| 996 |
7 |
|
|b BC-216878
|c PK-A-0007.503
|l MZK
|r Sklad / do 1 hodiny
|n 0
|w 000340772
|u 000020
|a 1
|e BOA001
|j MZK50
|s A
|